000 00574nam a22001937a 4500
010 _aENG-115719
020 _a9780143423690
_c499.00
035 _aEN-99251
037 _bDBAD/PUB
082 _aN
100 _aUpendranath Ashk
245 _aFalling Walls /
_cby Upendranath Ashk; trancleted by Daisy Rockwell
260 _aGurgaon
_bPenguin Books
_c2015
270 _b7th Floor Infinity Tower C, DLF Cyber City
_eGurgaon ( Haryana)
_k122002
300 _axix,486p.
_c22cm(pbk)
500 _aInclude index
700 _aRockwell,Daisy
942 _2ddc
_cEN
_hN
_mUPE
999 _c102149
_d102149